[Event "España ch 2008 sub 18"]
[Site "Padrón ESP"]
[Date "2008.07.27"]
[Round "2.5"]
[White "De Nacimiento Montano, Antonio"]
[Black "Alonso Rosell, Alvar"]
[Result "0-1"]
[WhiteElo "2045"]
[BlackElo "2393"]
[PlyCount "62"]
[EventDate "2008.07.27"]
[EventType "swiss"]
[EventRounds "9"]
[EventCountry "ESP"]
[Source "lmi"]
[SourceDate "2008.07.27"]

1. e4 c5 2. Nf3 d6 3. d4 cxd4 4. Nxd4 Nf6 5. Nc3 a6 6. Bg5 e6 7. f4 Be7 8. Qf3
Qc7 9. O-O-O Nbd7 10. g4 O-O 11. Bxf6 Bxf6 12. g5 Bxd4 13. Rxd4 b5 14. Bg2 Rb8
15. Rhd1 Rb6 16. Qh5 Bb7 17. R4d3 Rc8 18. Rh3 Nf8 19. Rd2 Rc6 20. a3 a5 21. Qe2
b4 22. Nb5 Qb6 23. a4 Ba6 24. Bf1 Ng6 25. Qg4 Rc5 26. f5 Nf8 27. f6 Bxb5 28.
Bxb5 Re5 29. fxg7 Kxg7 30. Qf4 Qg1+ 31. Rd1 Qg2 0-1

[Event "España ch 2008 sub 18"]
[Site "Padrón ESP"]
[Date "2008.07.27"]
[Round "2.6"]
[White "Marrero Falcon, Hector"]
[Black "Valmana Canto, Jaime"]
[Result "0-1"]
[WhiteElo "2044"]
[BlackElo "2376"]
[PlyCount "78"]
[EventDate "2008.07.27"]
[EventType "swiss"]
[EventRounds "9"]
[EventCountry "ESP"]
[Source "lmi"]
[SourceDate "2008.07.27"]

1. e4 e6 2. d4 d5 3. Nd2 Nf6 4. e5 Nfd7 5. f4 c5 6. c3 Nc6 7. Ndf3 Qb6 8. a3 a5
9. b3 Be7 10. h4 Qc7 11. Bb2 c4 12. h5 cxb3 13. a4 Nb6 14. Qxb3 Bd7 15. Bd3 Na7
16. Qd1 Nc4 17. Bc1 b5 18. axb5 Nxb5 19. Ne2 f5 20. Kf1 O-O 21. Rg1 Be8 22. h6
Bh5 23. Kf2 Rab8 24. Rh1 g6 25. Rxh5 gxh5 26. Qh1 h4 27. Ng5 Bxg5 28. fxg5 Nxc3
29. Nxc3 Nxe5 30. dxe5 Qxc3 31. Ra3 Qd4+ 32. Kf3 Qg4+ 33. Kf2 Qg3+ 34. Ke2
Qxe5+ 35. Kf3 Qg3+ 36. Ke2 Qg4+ 37. Kf2 Qd4+ 38. Ke1 Rfc8 39. Kd2 Qf4+ 0-1

[Event "España ch 2008 sub 18"]
[Site "Padrón ESP"]
[Date "2008.07.27"]
[Round "2.7"]
[White "Hernandez Leon, Sergio"]
[Black "Espinosa Aranda, Angel"]
[Result "1/2-1/2"]
[WhiteElo "2042"]
[BlackElo "2313"]
[PlyCount "86"]
[EventDate "2008.07.27"]
[EventType "swiss"]
[EventRounds "9"]
[EventCountry "ESP"]
[Source "lmi"]
[SourceDate "2008.07.27"]

1. e4 c5 2. Nf3 Nc6 3. d4 cxd4 4. Nxd4 Nf6 5. Nc3 d6 6. Bg5 e6 7. Qd2 a6 8.
O-O-O Bd7 9. f4 h6 10. Bh4 Nxe4 11. Nxe4 Qxh4 12. Nxc6 Bxc6 13. Nxd6+ Bxd6 14.
Qxd6 Qe7 15. Rg1 Qxd6 16. Rxd6 Ke7 17. Rd2 g5 18. Rf2 f5 19. g4 gxf4 20. Rxf4
Rhg8 21. Bd3 Raf8 22. Rg3 fxg4 23. Rfxg4 Rxg4 24. Rxg4 e5 25. Rh4 Rf6 26. Kd2
Kd6 27. Ke3 Be8 28. Be4 b6 29. Bd3 a5 30. c3 h5 31. b4 axb4 32. Rxb4 Kc5 33. a4
Bc6 34. Rh4 Rf3+ 35. Ke2 Rf4 36. Rxf4 exf4 37. h4 Bxa4 38. Kf3 Bd1+ 39. Kxf4 b5
40. Kg5 Bf3 41. Bg6 Kc4 42. Bxh5 Bxh5 43. Kxh5 Kxc3 1/2-1/2

[Event "España ch 2008 sub 18"]
[Site "Padrón ESP"]
[Date "2008.07.27"]
[Round "2.8"]
[White "Moreno Gracia, Daniel"]
[Black "Sanchez Ibern, Eric"]
[Result "1-0"]
[WhiteElo "2292"]
[BlackElo "2038"]
[PlyCount "95"]
[EventDate "2008.07.27"]
[EventType "swiss"]
[EventRounds "9"]
[EventCountry "ESP"]
[Source "lmi"]
[SourceDate "2008.07.27"]

1. c4 e5 2. Nc3 Nc6 3. g3 Bc5 4. Bg2 a6 5. Nf3 d6 6. e3 Nf6 7. d4 exd4 8. exd4
Ba7 9. O-O O-O 10. d5 Nb8 11. h3 Bf5 12. b4 Ne4 13. Nxe4 Bxe4 14. Bb2 Nd7 15.
Qd2 Bxf3 16. Bxf3 Ne5 17. Bxe5 dxe5 18. c5 f5 19. Rfd1 Qf6 20. d6 e4 21. Be2
cxd6 22. Qxd6 Rad8 23. Bc4+ Kh8 24. Qxf6 gxf6 25. Be6 Bb8 26. Bxf5 e3 27. fxe3
Bxg3 28. Be4 Be5 29. Rac1 Rxd1+ 30. Rxd1 Rf7 31. Kf2 Bc3 32. a3 Kg7 33. Ke2 Re7
34. Bf3 Be5 35. Rd3 f5 36. Kd2 Kf6 37. Kc2 Bg3 38. e4 fxe4 39. Bxe4 Bf4 40. Bf3
Rc7 41. Kb3 a5 42. Kc4 axb4 43. axb4 Ke5 44. Kb5 Rg7 45. Kb6 Rg3 46. Kxb7 Rxh3
47. c6 Kf5 48. Be4+ 1-0

[Event "España ch 2008 sub 18"]
[Site "Padrón ESP"]
[Date "2008.07.27"]
[Round "2.9"]
[White "Vila Gonzalez, Daniel"]
[Black "Senlle Caride, Miguel"]
[Result "1/2-1/2"]
[WhiteElo "2039"]
[BlackElo "2289"]
[PlyCount "43"]
[EventDate "2008.07.27"]
[EventType "swiss"]
[EventRounds "9"]
[EventCountry "ESP"]
[Source "lmi"]
[SourceDate "2008.07.27"]

1. e4 c5 2. Ne2 Nf6 3. Nbc3 Nc6 4. d4 cxd4 5. Nxd4 e5 6. Ndb5 d6 7. Bg5 a6 8.
Na3 b5 9. Nd5 Be7 10. Nxe7 Nxe7 11. Bxf6 gxf6 12. c4 O-O 13. cxb5 f5 14. exf5
Nxf5 15. bxa6 Qh4 16. Nc2 d5 17. Qxd5 Be6 18. Qxe5 Rad8 19. Bb5 Bc4 20. Bc6 Qh6
21. Ne3 Nxe3 22. Qg3+ 1/2-1/2

[Event "España ch 2008 sub 18"]
[Site "Padrón ESP"]
[Date "2008.07.27"]
[Round "2.10"]
[White "Mestre Bellido, Hector"]
[Black "Jimenez Capilla, Jose Alfonso"]
[Result "0-1"]
[WhiteElo "2284"]
[BlackElo "2033"]
[PlyCount "70"]
[EventDate "2008.07.27"]
[EventType "swiss"]
[EventRounds "9"]
[EventCountry "ESP"]
[Source "lmi"]
[SourceDate "2008.07.27"]

1. e4 e5 2. Bc4 c6 3. Nf3 d6 4. Nc3 Be7 5. d4 Nd7 6. a4 Ngf6 7. O-O O-O 8. a5
h6 9. b3 Qc7 10. Bb2 Re8 11. Re1 Nf8 12. Qd3 Ng6 13. h3 Nf4 14. Qd2 Bf8 15. Na2
g5 16. dxe5 dxe5 17. Qc3 Ng6 18. Nc1 Nh5 19. Bf1 Nhf4 20. Kh2 Bg7 21. g3 Ne6
22. Nd3 Nd4 23. Nxd4 exd4 24. Qb4 Ne5 25. Bg2 Rd8 26. Qd2 Be6 27. Nc5 g4 28.
Nxe6 fxe6 29. hxg4 Nxg4+ 30. Kg1 e5 31. Bh3 Nf6 32. Kg2 Qe7 33. Bf5 c5 34. Qe2
Nh7 35. Rh1 Rf8 0-1

[Event "España ch 2008 sub 18"]
[Site "Padrón ESP"]
[Date "2008.07.27"]
[Round "2.11"]
[White "Diaz Herrero, Alvaro"]
[Black "Dominguez Pons, Eric"]
[Result "1-0"]
[WhiteElo "2034"]
[BlackElo "2259"]
[PlyCount "39"]
[EventDate "2008.07.27"]
[EventType "swiss"]
[EventRounds "9"]
[EventCountry "ESP"]
[Source "lmi"]
[SourceDate "2008.07.27"]

1. e4 c5 2. Nf3 d6 3. d4 cxd4 4. Nxd4 Nf6 5. Nc3 a6 6. Bg5 e6 7. f4 Qc7 8. Qf3
b5 9. Bd3 b4 10. Nce2 Nbd7 11. O-O-O Bb7 12. Kb1 Be7 13. Rhe1 a5 14. Ng3 a4 15.
Nh5 O-O 16. Nxg7 Kxg7 17. Qh3 Ng8 18. e5 h6 19. Qh5 Bxg5 20. Nxe6+ 1-0

[Event "España ch 2008 sub 18"]
[Site "Padrón ESP"]
[Date "2008.07.27"]
[Round "2.12"]
[White "Gil Quilez, David"]
[Black "Chueca Forcen, Alberto"]
[Result "1-0"]
[WhiteElo "2031"]
[BlackElo "2254"]
[PlyCount "155"]
[EventDate "2008.07.27"]
[EventType "swiss"]
[EventRounds "9"]
[EventCountry "ESP"]
[Source "lmi"]
[SourceDate "2008.07.27"]

1. d4 Nf6 2. Nf3 e6 3. Bg5 c5 4. e3 cxd4 5. exd4 Qa5+ 6. c3 Ne4 7. Bf4 d5 8.
Bd3 Bd6 9. Bxd6 Nxd6 10. O-O Nd7 11. Nbd2 Qc7 12. Re1 O-O 13. Ne5 f5 14. Nxd7
Bxd7 15. Nf3 Rf6 16. Ne5 Rh6 17. Rc1 Bc6 18. Re3 Ne4 19. f3 Nf6 20. Qd2 Nd7 21.
Rce1 Rf8 22. R3e2 Rff6 23. f4 Rf8 24. Nxd7 Bxd7 25. Re5 Qd8 26. c4 Qb6 27. Bf1
Qd6 28. cxd5 exd5 29. Qa5 Bc6 30. Bb5 Qb8 31. Bxc6 bxc6 32. b3 Rhf6 33. g3 Qb6
34. Qxb6 axb6 35. Re6 Rxe6 36. Rxe6 Rc8 37. Rd6 Rc7 38. Rd8+ Kf7 39. a4 Ke7 40.
Rb8 c5 41. dxc5 bxc5 42. Kf2 c4 43. bxc4 dxc4 44. Ke2 Kd6 45. Kd2 Ra7 46. Rb4
Kd5 47. Kc3 Rc7 48. Rb5+ Ke6 49. a5 g6 50. a6 Ra7 51. Ra5 Kd6 52. Kxc4 Kc6 53.
Re5 Kb6 54. Re6+ Ka5 55. Kd5 Kb5 56. Re1 Kb6 57. Rb1+ Ka5 58. Ke5 Ka4 59. h4
Ka5 60. h5 gxh5 61. Ra1+ Kb5 62. Kxf5 Kc6 63. Kg5 Kd7 64. Kxh5 Ke7 65. g4 Kf7
66. g5 Kg7 67. f5 Kg8 68. Kh6 Kf8 69. g6 Kg8 70. f6 hxg6 71. Kxg6 Rg7+ 72. Kf5
Ra7 73. Ke6 Kf8 74. Kd6 Ke8 75. Kc6 Rf7 76. a7 Rxf6+ 77. Kd5 Rf5+ 78. Ke4 1-0

[Event "España ch 2008 sub 18"]
[Site "Padrón ESP"]
[Date "2008.07.27"]
[Round "2.13"]
[White "Galvan Ruiz, Mario"]
[Black "Hernandez Leon, Alberto"]
[Result "0-1"]
[WhiteElo "2019"]
[BlackElo "2236"]
[PlyCount "50"]
[EventDate "2008.07.27"]
[EventType "swiss"]
[EventRounds "9"]
[EventCountry "ESP"]
[Source "lmi"]
[SourceDate "2008.07.27"]

1. e4 c5 2. Nf3 d6 3. d4 cxd4 4. Nxd4 Nf6 5. Nc3 a6 6. Be2 e5 7. Nb3 Be7 8. O-O
O-O 9. Be3 Be6 10. Qd2 Nbd7 11. Rfd1 Rc8 12. a4 Nb6 13. a5 Nc4 14. Bxc4 Rxc4
15. f3 Qc7 16. Bg5 Rd8 17. Bxf6 Bxf6 18. Rac1 h6 19. Qd3 Bg5 20. Ra1 Rc6 21.
Nd2 Rc5 22. Ra4 Rxa5 23. Rxa5 Qxa5 24. Nf1 Qc5+ 25. Kh1 Bc4 0-1

[Event "España ch 2008 sub 18"]
[Site "Padrón ESP"]
[Date "2008.07.27"]
[Round "2.14"]
[White "Camacho Collados, Marcos"]
[Black "Sanchez-Alarcos Galian, Victor"]
[Result "1-0"]
[WhiteElo "2230"]
[BlackElo "2026"]
[PlyCount "67"]
[EventDate "2008.07.27"]
[EventType "swiss"]
[EventRounds "9"]
[EventCountry "ESP"]
[Source "lmi"]
[SourceDate "2008.07.27"]

1. e4 e5 2. Nf3 Nc6 3. Bb5 a6 4. Ba4 Nf6 5. d3 d6 6. c3 g6 7. O-O b5 8. Bb3 Bg7
9. Re1 O-O 10. h3 Na5 11. Bc2 c5 12. d4 Qc7 13. Bg5 Re8 14. Nbd2 exd4 15. cxd4
Bb7 16. Rc1 Rac8 17. Bb1 Qb8 18. e5 Nd7 19. dxc5 dxc5 20. Bf4 Nxe5 21. Kh1 f6
22. Nxe5 fxe5 23. Bg5 Kh8 24. Ne4 Nc4 25. Qg4 Bxe4 26. Bxe4 Nxb2 27. Qh4 Re6
28. Rc2 Na4 29. Rd1 Qb6 30. Rcd2 Rce8 31. Rd8 Bf8 32. Rxe8 Rxe8 33. Bf6+ Kg8
34. Rd7 1-0

[Event "España ch 2008 sub 18"]
[Site "Padrón ESP"]
[Date "2008.07.27"]
[Round "2.15"]
[White "Martinez Salas, Imanol"]
[Black "Fernandez Borrego, Pablo"]
[Result "0-1"]
[WhiteElo "2010"]
[BlackElo "2229"]
[PlyCount "52"]
[EventDate "2008.07.27"]
[EventType "swiss"]
[EventRounds "9"]
[EventCountry "ESP"]
[Source "lmi"]
[SourceDate "2008.07.27"]

1. e4 e6 2. d4 d5 3. exd5 exd5 4. Bd3 Bd6 5. Ne2 Qf6 6. Nbc3 c6 7. Be3 Bf5 8.
Bxf5 Qxf5 9. Ng3 Qg6 10. Qd2 Nd7 11. O-O-O O-O-O 12. Nce2 Nb6 13. Bf4 Nc4 14.
Qd3 Ne7 15. Bxd6 Qxd6 16. Nf5 Nxf5 17. Qxf5+ Rd7 18. Nf4 g6 19. Qg4 f5 20. Qf3
Re8 21. Nd3 Rde7 22. h3 Qf6 23. c3 Re2 24. h4 Qf8 25. Qf4 R8e4 26. Qg3 Nxb2 0-1

[Event "España ch 2008 sub 18"]
[Site "Padrón ESP"]
[Date "2008.07.27"]
[Round "2.16"]
[White "Garcia Moreno, Carlos"]
[Black "Lopez Paniego, Noel"]
[Result "1/2-1/2"]
[WhiteElo "2176"]
[BlackElo "2011"]
[PlyCount "109"]
[EventDate "2008.07.27"]
[EventType "swiss"]
[EventRounds "9"]
[EventCountry "ESP"]
[Source "lmi"]
[SourceDate "2008.07.27"]

1. e4 e5 2. Nf3 Nc6 3. Bb5 Bc5 4. c3 Nge7 5. O-O Bb6 6. d4 exd4 7. cxd4 d5 8.
exd5 Nxd5 9. Re1+ Be6 10. Bg5 Qd6 11. Nc3 O-O 12. Ne4 Qb4 13. Bxc6 bxc6 14. Qd3
Qb5 15. Qxb5 cxb5 16. a3 h6 17. Bd2 Rad8 18. a4 bxa4 19. Rxa4 Rfe8 20. Ne5 Bd7
21. Nxd7 Rxd7 22. Ng3 Rxe1+ 23. Bxe1 Nf4 24. Nf5 Ne2+ 25. Kf1 Nxd4 26. Nxd4
Rxd4 27. Ra1 Rd5 28. Ke2 f6 29. Bc3 Kf7 30. Ra4 g5 31. g4 Kg6 32. Re4 Ba5 33.
Re7 Bxc3 34. bxc3 a5 35. Rxc7 Rb5 36. h3 a4 37. Ra7 Rb2+ 38. Ke3 Rc2 39. Kd3
Rxf2 40. Rxa4 Rf3+ 41. Kd2 Rxh3 42. c4 h5 43. gxh5+ Rxh5 44. c5 Rh8 45. Ke3 Kf5
46. Ra7 Ke5 47. Re7+ Kd5 48. c6 Rc8 49. c7 Kd6 50. Rf7 Rxc7 51. Rxf6+ Ke5 52.
Rf8 Rc3+ 53. Kf2 g4 54. Kg2 Ke4 55. Kf2 1/2-1/2

[Event "España ch 2008 sub 18"]
[Site "Padrón ESP"]
[Date "2008.07.27"]
[Round "2.17"]
[White "Rodrigo Yanguas, Maria"]
[Black "Gago Padreny, Ignacio"]
[Result "1-0"]
[WhiteElo "1999"]
[BlackElo "2169"]
[PlyCount "98"]
[EventDate "2008.07.27"]
[EventType "swiss"]
[EventRounds "9"]
[EventCountry "ESP"]
[Source "lmi"]
[SourceDate "2008.07.27"]

1. e4 c5 2. Nf3 e6 3. d4 cxd4 4. Nxd4 Nc6 5. Nc3 a6 6. Be2 Qc7 7. O-O Nf6 8.
Kh1 Nxd4 9. Qxd4 Bc5 10. Qd3 b5 11. a3 Bb7 12. f4 O-O 13. Be3 Rac8 14. Bf3 Rfd8
15. Bxc5 Qxc5 16. e5 Bxf3 17. Qxf3 Ne8 18. Rf2 f6 19. Ne4 Qe7 20. Rd1 d5 21.
Ng3 f5 22. c3 Nc7 23. Ne2 Na8 24. Nd4 Nb6 25. Qd3 Na4 26. Rg1 Nc5 27. Qf3 Ne4
28. Re2 Kh8 29. g4 g6 30. g5 Re8 31. Ra1 Qb7 32. Qd3 Rc4 33. h4 a5 34. h5 Kg7
35. hxg6 hxg6 36. Kg2 b4 37. Rh1 Kg8 38. axb4 axb4 39. Qh3 Qg7 40. Rc2 Kf7 41.
Qe3 Rec8 42. Ne2 bxc3 43. bxc3 Nxc3 44. Rxc3 Kg8 45. Rxc4 dxc4 46. Rc1 Qb7+ 47.
Kg3 Qa6 48. Qd4 Qa2 49. Nc3 Rb8 1-0

[Event "España ch 2008 sub 18"]
[Site "Padrón ESP"]
[Date "2008.07.27"]
[Round "2.18"]
[White "Garcia Blanco, Omar"]
[Black "Garro Beraza, Haritz"]
[Result "1-0"]
[WhiteElo "2169"]
[BlackElo "1999"]
[PlyCount "93"]
[EventDate "2008.07.27"]
[EventType "swiss"]
[EventRounds "9"]
[EventCountry "ESP"]
[Source "lmi"]
[SourceDate "2008.07.27"]

1. e4 c5 2. c3 Nf6 3. e5 Nd5 4. Nf3 e6 5. d4 cxd4 6. cxd4 d6 7. Nc3 Nxc3 8.
bxc3 Qc7 9. Bb2 Nd7 10. exd6 Bxd6 11. Bd3 O-O 12. O-O b6 13. c4 g6 14. Rc1 Bf4
15. Rc3 e5 16. Be4 Rb8 17. dxe5 Nxe5 18. Qd4 Qc5 19. Qxc5 bxc5 20. Ba3 Nxf3+
21. Rxf3 Bd6 22. Rd1 Bb7 23. Bxb7 Rxb7 24. Rb3 Rxb3 25. axb3 Be7 26. Rd7 Re8
27. g3 Kf8 28. Rxa7 Rb8 29. Bb2 Ke8 30. Ra3 Kd7 31. Kf1 Ke6 32. Ke2 Rd8 33.
Ra6+ Kf5 34. Ra7 Ke6 35. Rb7 f6 36. Bc1 Rd6 37. Be3 Rd8 38. Kf3 Rc8 39. Rb6+
Ke5 40. Ke2 h5 41. h3 g5 42. Kf3 Kf5 43. g4+ hxg4+ 44. hxg4+ Kg6 45. Ke4 Rd8
46. Rb7 Bf8 47. Rb5 1-0

[Event "España ch 2008 sub 18"]
[Site "Padrón ESP"]
[Date "2008.07.27"]
[Round "2.19"]
[White "Velandrino Gomez, Maria Cielo"]
[Black "Herrera Reyes, Jose Antonio"]
[Result "1/2-1/2"]
[WhiteElo "1995"]
[BlackElo "2145"]
[PlyCount "43"]
[EventDate "2008.07.27"]
[EventType "swiss"]
[EventRounds "9"]
[EventCountry "ESP"]
[Source "lmi"]
[SourceDate "2008.07.27"]

1. d4 d5 2. c4 c6 3. Nf3 e6 4. Qc2 Nf6 5. Bg5 Nbd7 6. e3 Qa5+ 7. Nc3 Ne4 8.
cxd5 cxd5 9. Bd3 Nxg5 10. Nxg5 Be7 11. Nf3 Nf6 12. O-O O-O 13. Qb3 b6 14. Rac1
Ba6 15. Nb5 Ne4 16. Rc7 Bb4 17. a4 Bxb5 18. Bxb5 Rac8 19. Rfc1 Rxc7 20. Rxc7
Be1 21. Rc2 a6 22. Bf1 1/2-1/2

[Event "España ch 2008 sub 18"]
[Site "Padrón ESP"]
[Date "2008.07.27"]
[Round "2.20"]
[White "Torres Ventosa, Pedro Eugenio"]
[Black "Ribas Gomez, Diego"]
[Result "0-1"]
[WhiteElo "2135"]
[BlackElo "1996"]
[PlyCount "190"]
[EventDate "2008.07.27"]
[EventType "swiss"]
[EventRounds "9"]
[EventCountry "ESP"]
[Source "lmi"]
[SourceDate "2008.07.27"]

1. e4 c5 2. Nf3 d6 3. Bb5+ Bd7 4. Bxd7+ Nxd7 5. c4 Ngf6 6. Nc3 g6 7. O-O Bg7 8.
d3 O-O 9. h3 a6 10. Be3 Rb8 11. a4 Re8 12. Qd2 Qb6 13. Ra2 Nf8 14. Bh6 Ne6 15.
Bxg7 Kxg7 16. a5 Qd8 17. Na4 Nd7 18. b4 cxb4 19. Qxb4 Nec5 20. Nxc5 Nxc5 21.
Qc3+ f6 22. Nd2 b5 23. axb6 Qxb6 24. Rfa1 Qc6 25. Qc2 Rb6 26. d4 Nd7 27. d5 Qb7
28. Nf3 Rc8 29. Ra4 Rb2 30. Qc3 Qb6 31. Qd4 Nc5 32. R4a3 Qb4 33. Re3 Rc2 34.
Rae1 Rxc4 35. Qa1 Rxe4 36. Rxe4 Nxe4 37. Qxa6 Rc7 38. Qd3 Ng5 39. Nd2 Nf7 40.
Re4 Ne5 41. Qe3 Qc5 42. Qxc5 Rxc5 43. Rd4 Nd7 44. Ne4 Ra5 45. Rb4 Nc5 46. Nc3
Ra1+ 47. Kh2 Rc1 48. Nb5 Rc2 49. Kg3 Kf7 50. Rd4 Rb2 51. Na7 Nd7 52. Re4 Nb6
53. Rd4 Rc2 54. Kf3 Rc5 55. Ke4 f5+ 56. Kf4 Kf6 57. h4 Nxd5+ 58. Kg3 Ke5 59.
Rd2 Nf6 60. Re2+ Ne4+ 61. Kh2 Kf6 62. Rb2 Nc3 63. Rb8 Nd1 64. Rf8+ Kg7 65. Re8
Kf7 66. Rh8 h5 67. f3 Rc2 68. Nc8 Re2 69. Kg3 Nc3 70. Rh7+ Kf6 71. Nb6 d5 72.
Nd7+ Ke6 73. Nf8+ Kd6 74. Nxg6 d4 75. Nf4 Re3 76. Rh6+ e6 77. Rh8 Ne2+ 78. Nxe2
Rxe2 79. f4 Kd5 80. Rxh5 Ke4 81. Rh8 d3 82. Re8 Re3+ 83. Kf2 Kxf4 84. h5 Re2+
85. Kf1 Kg5 86. Rd8 Re3 87. Kf2 f4 88. g4 Kxg4 89. h6 Rh3 90. Rh8 Rh2+ 91. Ke1
Kf3 92. h7 Ke3 93. Kf1 d2 94. Rd8 Rxh7 95. Kg1 Ke2 0-1

[Event "España ch 2008 sub 18"]
[Site "Padrón ESP"]
[Date "2008.07.27"]
[Round "2.21"]
[White "Rodriguez Lorenzo, Yadira"]
[Black "Castellano Egea, Einar"]
[Result "1/2-1/2"]
[WhiteElo "1984"]
[BlackElo "2128"]
[PlyCount "34"]
[EventDate "2008.07.27"]
[EventType "swiss"]
[EventRounds "9"]
[EventCountry "ESP"]
[Source "lmi"]
[SourceDate "2008.07.27"]

1. e4 e6 2. Nf3 d5 3. Nc3 Nf6 4. e5 Nfd7 5. d4 c5 6. dxc5 Nc6 7. Bf4 Bxc5 8.
Bd3 f6 9. exf6 Qxf6 10. Bg3 O-O 11. O-O a6 12. Qe2 Nd4 13. Nxd4 Bxd4 14. Nd1 e5
15. c3 Bc5 16. Ne3 Nb6 17. c4 d4 1/2-1/2

[Event "España ch 2008 sub 18"]
[Site "Padrón ESP"]
[Date "2008.07.27"]
[Round "2.22"]
[White "Pueyo Burrell, David"]
[Black "Rodriguez Perez, Angel Mariano"]
[Result "1/2-1/2"]
[WhiteElo "2126"]
[BlackElo "1991"]
[PlyCount "150"]
[EventDate "2008.07.27"]
[EventType "swiss"]
[EventRounds "9"]
[EventCountry "ESP"]
[Source "lmi"]
[SourceDate "2008.07.27"]

1. e4 d6 2. d4 g6 3. Nc3 Bg7 4. Be3 c6 5. Qd2 b5 6. h3 Nd7 7. Nf3 Ngf6 8. Bd3
Nb6 9. O-O O-O 10. Rfd1 Re8 11. a4 b4 12. Ne2 a5 13. c3 bxc3 14. Nxc3 Ba6 15.
Bxa6 Rxa6 16. Qd3 Ra7 17. Rac1 Rb7 18. Rc2 Qd7 19. Rdc1 Rc8 20. b3 Rcb8 21. Ne2
Rc8 22. Nd2 Ne8 23. f3 Bh8 24. Nc3 Ng7 25. Nd1 Ne6 26. d5 Nd8 27. dxc6 Rxc6 28.
Rxc6 Nxc6 29. Qa6 Bd4 30. Kh1 Bc5 31. Kh2 Ra7 32. Qb5 Nd4 33. Qd3 Ne6 34. Nc3
Bxe3 35. Qxe3 Nc5 36. Nb5 Ra8 37. Qd4 Rc8 38. Rc3 Qe6 39. Na7 Rc7 40. Nb5 Rc8
41. Re3 Nbd7 42. Qc3 Qe5+ 43. Qxe5 Nxe5 44. Rc3 Rb8 45. Kg3 Kg7 46. Kf4 Ned7
47. Nc4 Nb7 48. Ne3 Ndc5 49. Nd5 e6 50. Ne3 h6 51. Nxd6 Nxd6 52. Rxc5 Rxb3 53.
Nc2 Nb7 54. Rc7 Rb2 55. Nd4 Nd8 56. Rd7 Rb8 57. Ke5 Rc8 58. Ra7 Rc4 59. Rd7 Rc8
60. Kd6 Kf8 61. Rc7 Rb8 62. Nb5 Nb7+ 63. Kc6 Nd8+ 64. Kd7 Nb7 65. Kc6 Nd8+ 66.
Kc5 e5 67. Kd6 Rb6+ 68. Kxe5 Nc6+ 69. Kd5 Nb4+ 70. Kc5 Ra6 71. Nd6 Nd3+ 72. Kd5
Nb4+ 73. Ke5 Nd3+ 74. Kd5 Nb4+ 75. Kc5 Nd3+ 1/2-1/2

[Event "España ch 2008 sub 18"]
[Site "Padrón ESP"]
[Date "2008.07.27"]
[Round "2.23"]
[White "Pintor Munoz, Francisco"]
[Black "Marcos Pinto, Luis"]
[Result "1/2-1/2"]
[WhiteElo "1808"]
[BlackElo "2115"]
[PlyCount "70"]
[EventDate "2008.07.27"]
[EventType "swiss"]
[EventRounds "9"]
[EventCountry "ESP"]
[Source "lmi"]
[SourceDate "2008.07.27"]

1. d4 d5 2. Nf3 Nf6 3. g3 c6 4. Bg2 Bf5 5. O-O h6 6. b3 e6 7. Bb2 Be7 8. c4
Nbd7 9. Nc3 O-O 10. Nd2 Bh7 11. e4 dxe4 12. Ndxe4 a5 13. Nxf6+ Nxf6 14. d5 Rc8
15. dxc6 bxc6 16. Qxd8 Rfxd8 17. Rfd1 Bc2 18. Rxd8+ Rxd8 19. Bxc6 Rd2 20. Na4
Ne4 21. Bxe4 Bxe4 22. Bc3 Rc2 23. Bxa5 Bf6 24. Re1 Bc6 25. Bb6 Bxa4 26. bxa4
Rxc4 27. a5 Ra4 28. Re2 g6 29. Rc2 Kg7 30. Rc8 Bd4 31. Rd8 e5 32. Bxd4 exd4 33.
a6 Rxa6 34. Rxd4 Rxa2 35. Rd6 h5 1/2-1/2

[Event "España ch 2008 sub 18"]
[Site "Padrón ESP"]
[Date "2008.07.27"]
[Round "2.25"]
[White "Rubio Mejia, Luis Ignacio"]
[Black "Cucarella Montell, Angels"]
[Result "1-0"]
[WhiteElo "2386"]
[BlackElo "1941"]
[PlyCount "69"]
[EventDate "2008.07.27"]
[EventType "swiss"]
[EventRounds "9"]
[EventCountry "ESP"]
[Source "lmi"]
[SourceDate "2008.07.27"]

1. d4 f5 2. g3 Nf6 3. Bg2 g6 4. Nf3 Bg7 5. O-O O-O 6. c4 d6 7. Nc3 Qe8 8. d5
Na6 9. Rb1 Bd7 10. b4 c6 11. Qb3 Kh8 12. Bb2 Rc8 13. Rfe1 Nc7 14. e4 fxe4 15.
Ng5 h6 16. Ngxe4 Qf7 17. Rbd1 cxd5 18. cxd5 Bf5 19. Nxf6 Qxf6 20. Rd2 Qf7 21.
b5 b6 22. a4 e5 23. Ne4 Qd7 24. Rc1 Rfd8 25. Rc6 Ne8 26. Ba3 Bf8 27. h4 Qf7 28.
Qe3 Kh7 29. Bb4 Bd7 30. h5 Bxc6 31. hxg6+ Qxg6 32. bxc6 Rc7 33. a5 b5 34. Qd3
a6 35. Ng5+ 1-0

[Event "España ch 2008 sub 18"]
[Site "Padrón ESP"]
[Date "2008.07.27"]
[Round "2.26"]
[White "Arribas Lopez, Angel"]
[Black "Aboy Nieto, Pablo"]
[Result "1-0"]
[WhiteElo "2332"]
[BlackElo "1949"]
[PlyCount "47"]
[EventDate "2008.07.27"]
[EventType "swiss"]
[EventRounds "9"]
[EventCountry "ESP"]
[Source "lmi"]
[SourceDate "2008.07.27"]

1. e4 e6 2. d4 d5 3. Nc3 Bb4 4. exd5 exd5 5. Bd3 Ne7 6. Qf3 Nbc6 7. Nge2 Be6 8.
Qg3 Ng6 9. h4 Bd6 10. f4 Qf6 11. Qf3 Nxh4 12. Qf2 Nxg2+ 13. Qxg2 Nxd4 14. Nxd5
Bxd5 15. Qxd5 Nxe2 16. Kxe2 O-O-O 17. Qf5+ Qxf5 18. Bxf5+ Kb8 19. Be3 g6 20.
Bd3 Be7 21. Rad1 Bf6 22. c3 h5 23. Bc4 Rh7 24. Kf3 1-0

[Event "España ch 2008 sub 18"]
[Site "Padrón ESP"]
[Date "2008.07.27"]
[Round "2.27"]
[White "Robles Garcia, Claudia"]
[Black "Torres Leao-Coelho, Ana"]
[Result "1-0"]
[WhiteElo "2256"]
[BlackElo "1909"]
[PlyCount "37"]
[EventDate "2008.07.27"]
[EventType "swiss"]
[EventRounds "9"]
[EventCountry "ESP"]
[Source "lmi"]
[SourceDate "2008.07.27"]

1. e4 c5 2. Nf3 d6 3. d4 cxd4 4. Nxd4 Nf6 5. Nc3 g6 6. Be3 Bg7 7. f3 O-O 8. Qd2
Nc6 9. Bc4 Bd7 10. O-O-O Rb8 11. Bb3 Na5 12. h4 b5 13. Bh6 Nc4 14. Qg5 Qa5 15.
h5 b4 16. Nd5 Nxd5 17. hxg6 Bxh6 18. Qxh6 Nf6 19. Bxc4 1-0

[Event "España ch 2008 sub 18"]
[Site "Padrón ESP"]
[Date "2008.07.27"]
[Round "2.28"]
[White "Barbero Senidic, Alejandro"]
[Black "Sanchez Garcia, Laura"]
[Result "1-0"]
[WhiteElo "2244"]
[BlackElo "1814"]
[PlyCount "63"]
[EventDate "2008.07.27"]
[EventType "swiss"]
[EventRounds "9"]
[EventCountry "ESP"]
[Source "lmi"]
[SourceDate "2008.07.27"]

1. d4 d5 2. c4 c6 3. Nc3 Nf6 4. Nf3 e6 5. e3 Nbd7 6. Qc2 Bd6 7. g4 Nxg4 8. Rg1
Nxh2 9. Nxh2 Bxh2 10. Rxg7 Qh4 11. Bd2 Nf6 12. O-O-O Bd6 13. f3 Qh6 14. Rg2 Qf8
15. e4 dxe4 16. fxe4 e5 17. Bg5 Nd7 18. Rgd2 f6 19. dxe5 Bxe5 20. Bh3 Qe7 21.
Bxd7+ Bxd7 22. Rxd7 Qxd7 23. Rxd7 Kxd7 24. Be3 h5 25. Qg2 Rag8 26. Qh3+ Kc7 27.
Bf2 Rg7 28. Ne2 Rg4 29. Bg3 Rxe4 30. Bxe5+ Rxe5 31. Nf4 Ree8 32. Ne6+ 1-0